| 000 -LEADER |
| fixed length control field |
01163nam a2200265Ia 4500 |
| 001 - CONTROL NUMBER |
| control field |
20462 |
| 003 - CONTROL NUMBER IDENTIFIER |
| control field |
GE_BSU |
| 008 - FIXED-LENGTH DATA ELEMENTS--GENERAL INFORMATION |
| fixed length control field |
181216s||||||||xx |||||||||||||| ||und|| |
| 020 ## - INTERNATIONAL STANDARD BOOK NUMBER |
| International Standard Book Number |
99940-51-42-3 |
| 040 ## - CATALOGING SOURCE |
| Transcribing agency |
GE_BSU |
| 080 ## - UNIVERSAL DECIMAL CLASSIFICATION NUMBER |
| Universal Decimal Classification number |
811.353.1'373.2 |
| 100 ## - MAIN ENTRY--PERSONAL NAME |
| Personal name |
ცხადაია, პაატა |
| 245 ## - TITLE STATEMENT |
| Title |
ონომასტიკის შესავალი: ქართული ონომასტიკა |
| 245 ## - TITLE STATEMENT |
| Statement of responsibility, etc. |
რედ.: შუქია აფრიდონიძე |
| 250 ## - EDITION STATEMENT |
| Edition statement |
თსუ, ახალი ქართ. ენ. კათედრასთან არსებული ონომასტიკის ს.-კ. ლაბორატორია, თსუ-ს სიღნაღის ფილიალი |
| 260 ## - PUBLICATION, DISTRIBUTION, ETC. |
| Place of publication, distribution, etc. |
თბილისი |
| 260 ## - PUBLICATION, DISTRIBUTION, ETC. |
| Name of publisher, distributor, etc. |
უნივერსალი |
| 260 ## - PUBLICATION, DISTRIBUTION, ETC. |
| Date of publication, distribution, etc. |
2005 |
| 300 ## - PHYSICAL DESCRIPTION |
| Extent |
287გვ. ; 20სმ. |
| 653 ## - INDEX TERM--UNCONTROLLED |
| Uncontrolled term |
ონომასტიკის შესავალი: ქართული ონომასტიკა |
| 653 ## - INDEX TERM--UNCONTROLLED |
| Uncontrolled term |
ქართული ენა |
| 653 ## - INDEX TERM--UNCONTROLLED |
| Uncontrolled term |
ქსეროქსი |
| 942 ## - ADDED ENTRY ELEMENTS (KOHA) |
| Koha item type |
წიგნი |